000 05169nam a22003857a 4500
005 20100212100036.0
020 _a9788172238117
_c125.00
035 _aB-405059-075
037 _bआकर बुक्स/ven
082 _a
100 _aज्योत्स्ना मिलन
_921624
245 _aअ अस्तु का /
_cज्योत्स्ना मिलन
260 _aनोएडा
_bहार्परकॉलिंस पब्लिशर्स
_c2009
270 _aए-53, सेक्टर-57
_bनोएडा
_e201301
300 _a165पृ
_c18सेमी (अजिल्द)
942 _2ddc
_cHN
_mज्योत्स्नामि
_h
999 _c33950
_d33950